Normal view
MARC view
- Tamassia, Roberto,
Entry Personal Name
001 - CONTROL NUMBER
- control field: 3011
003 - CONTROL NUMBER IDENTIFIER
- control field: NUST
005 - DATE AND TIME OF LATEST TRANSACTION
- control field: 20170621110753.0
008 - FIXED-LENGTH DATA ELEMENTS
- fixed length control field: 170621|| aca||aabn | a|a d
040 ## - CATALOGING SOURCE
- Original cataloging agency: NUST
- Transcribing agency: NUST
100 ## - HEADING--PERSONAL NAME
- Personal name: Tamassia, Roberto,
- Dates associated with a name: 1960-
670 ## - SOURCE DATA FOUND
- Source citation: Work cat.: (NUST)23912: Michael T.Goodrich 2926, Algorithm design : foundations, analysis and Internet examples , c2002.
